Financial market trends september 2001

Na minha lista:
Detalhes bibliográficos
Formato: Livro
Idioma:inglês
Publicado em: Paris OECD 2001
Colecção:Finance and investment
Assuntos:
Tags: Adicionar Tag
Sem tags, seja o primeiro a adicionar uma tag!

MARC

LEADER 00000nam a2200000 4500
001 c129027
005 20221124103104.8
020 |a 92-64-19093-7 
022 |a 0378-651X 
041 0 |a eng 
044 |a FR 
245 1 0 |a Financial market trends  |b september 2001 
264 1 |a Paris  |b OECD  |c 2001 
300 |a 199 s. 
490 1 |a Finance and investment 
830 0 |a Finance and investment 
610 2 0 |a trh finančný 
610 2 0 |a trh finančný medzinárodný 
610 2 0 |a mena 
610 2 0 |a peniaze 
610 2 0 |a príjmy 
610 2 0 |a telekomunikácie 
610 2 0 |a kapitál rizikový 
610 2 0 |a investori 
610 2 0 |a investície 
610 2 0 |a reformy 
610 2 0 |a trh kapitálový 
610 2 0 |a dôchodky 
610 2 0 |a portfólio 
610 2 0 |a poistenie životné 
610 2 0 |a fondy penzijné 
610 2 0 |a výskum 
610 2 0 |a údaje štatistické 
610 2 0 |a porovnanie štatistické medzinárodné 
610 2 0 |a svet 
610 2 0 |a 2001